000 00304nam a2200145Ia 4500
100 _aHaykin/ Simon
250 _a4
942 _cBK
654 _afilter theory
245 _aAdaptive Filter theory
260 _bPearson Education
_c2002
082 _a621.3815
_bHAY
546 _aENGLISH
999 _c31916
_d31916